| 000 | 00354nam a2200145Ia 4500 | ||
|---|---|---|---|
| 008 | 230917s9999||||xx |||||||||||||| ||und|| | ||
| 040 |
_e189112 _aMAIN |
||
| 041 | _aEnglish | ||
| 082 | _a340.058 A38 l | ||
| 100 | _aAggarwal ,S.N | ||
| 245 | 0 | _aLaw on Maintenance | |
| 260 |
_aLudhiana _bM/S Roop Publishers _c1988 |
||
| 300 | _axvi 448 p. | ||
| 942 | _cBK | ||
| 999 |
_c79891 _d79891 |
||